000 00685nam a22002417a 4500
001 BR0502047
003 BR-BrBNA
005 20240402114150.0
007 ta
008 230509b bl.||||| |||| 00| 0 por d
040 _aBR-BrBNA
_bpor
_cBiblioteca Nacional de Agricultura
041 _a(Por)
072 _aB50; L70
090 _aB50
_bBR0502047
110 1 _aConselho Federal de Medicina Veterinária, Brasília, DF (Brasil)
_92635
245 1 _aHistória da medicina veterinária no Brasil
260 3 _aBrasília, DF (Brasil):
_c2002.
300 _a228 p.
500 _aSeveral bibliographies; 71 illus.
650 _aVETERINÁRIA
650 _aHISTÓRIA
942 _cBK
_2AGRIS
999 _c68059
_d68059